000 00532nam a22001817a 4500
005 20240920161920.0
008 240920b |||||||| |||| 00| 0 eng d
020 _a978-93-6180-682-7
041 _aeng
082 _a362.1782
100 _aVED, DR. AKASH AND HANDE, DR. RUPALI AND GARG, MR. NAVEEN
_98571
245 _aCOMMUNITY PHARMACY AND MANAGEMENT [ D PHARMA, 2ND YEAR ]
250 _a2ND ED. 2024
260 _aLUCKNOW
_bTHAKUR PUBLICATION PVT.LTD
300 _a168; P
650 _aPHARMACY
_xD.PHARMA
942 _cBK
999 _c8700
_d8698